Sports Quiz

Random Sports or Football Quiz

23 Greatest Athletes to Wear No. 23 Quiz Stats

Quiz not verified by Sporcle

Challenge
Share
Tweet
Embed
Score 0/23 Timer 06:00
0 Plays Today
Rank (Sport) Athlete % Correct
1 (Basketball)Michael Jordan
92.8%
3 (Basketball)LeBron James
71.9%
5 (Soccer)David Beckham
49.2%
6 (Baseball)Don Mattingly
29.6%
4 (Baseball)Ryne Sandberg
25.3%
16 (Football)Devin Hester
21.3%
7 (Cricket)Shane Warne
12.4%
9 (Soccer)Jamie Carragher
11.5%
22 (Basketball)Jason Richardson
11.3%
13 (Basketball)Marcus Camby
10.4%
20 (Baseball)Robin Ventura
7.9%
15 (Baseball)Zack Greinke
7.2%
Rank (Sport) Athlete % Correct
19 (Basketball)Kevin Martin
7%
12 (Football)Troy Vincent
6.3%
8 (Hockey)Bob Nystrom
5.4%
18 (Baseball)Mark Teixeira
5.2%
2 (Hockey)Bob Gainey
5%
10 (Baseball)Luis Tiant
3.9%
11 (Hockey)Brian Bellows
3.7%
17 (Hockey)Milan Hejduk
3.3%
14 (Soccer)Marc-Vivien Foe
2.6%
23 (Baseball)Oil Can Boyd
2%
21 (Soccer)Francois Sterchele
0.4%

You're not logged in!

Compare scores with friends on all Sporcle quizzes.
Sign Up with Email
OR
Log In

You Might Also Like...

Show Comments

Extras

Top Quizzes Today


Score Distribution

Your Account Isn't Verified!

In order to create a playlist on Sporcle, you need to verify the email address you used during registration. Go to your Sporcle Settings to finish the process.